How i met your mother quiz (obscure) - Statistics

General Stats
  • This quiz has been taken 133 times
    117 since last reset
  • The average score is 40 of 70
Answer Stats
Hint Answer % Correct
Barney's final play from 'The Playbook' 'The Robin'
94%
Who did Ted cheat on the above with Robin
93%
Bartender that Lily enlists at a season 9 wedding Linus
92%
Fake name was 'Buttercup' Victoria
89%
Who would pick 'a single three-piece suit' over 'one million chicks' Barney
87%
Marvin ______ Erikson Wait for it
86%
Name of Barney and Ted's hypothetical bar Puzzles
85%
Name of Barney's mother Loretta
82%
What does Barney do for a living? PLEASE
82%
Lily's eventual boss and Zoey's ex-husband The Captain
82%
State that Stella lived in New Jersey
81%
Marshall didn't get food poisoning because Lily was _____ Pregnant
81%
Bad habit that the group continuously try to give up (*hacks up lungs*) Smoking
81%
Name of Lily and Marshall's daughter Daisy
80%
Where Ted and 'The Mother' first met (and spoke) Farhampton train station
80%
Year Ted's daughter was born 2015
79%
Name of Zoey's hot cousin (Katy Perry) Honey
79%
Barney claims to have had an affair with Ted's ____ Mother
79%
When returning from a trip, Lily will always bring Marshall a novelty ______ Six pack
77%
Year Ted meets 'The Mother' 2013
76%
Marshall's friend from law school Brad
76%
One time food that Marshall became obsessed with (1st week in New York) The Burger
76%
Marshall versus the _______ Machine
75%
Which character produced 'Sand Castles in the Sand' Robin Scherbatsky
71%
What condition do a bus of pensioners fake so that Marshall did not miss the birth of his son? Heart attack
70%
"Where's the _____ Robin?" Poop
70%
Ted's hot sister Heather
69%
Reporter who Marshall and Ted watch read the newspaper on TV Sandy Rivers
67%
Woman Barney meets on 'Desperation Day' Nora
65%
Ted and Marshall get lost at a concert on a quest to find Nachos
64%
Latin American stud Gael
63%
Marshall's Mother's name Judy
63%
Wendy and her husband bond over a hatred of ________ Marshall
63%
In the season 1 finale, Ted makes it ______ for Robin Rain
63%
Lily's catchphrase You son of a bitch
63%
The package that this bartender offers Kennedy Package
62%
The success rate of the above Two out of three times
62%
Song that 'The Mother' sings on the ukulele La vie en rose
60%
Six words the above needs to hear from her father I am proud of you eh
57%
Ted's usual Halloween costume Hanging Chad
55%
Species of flower Ted planned to give to Zoey when they 'went for coffee' Orchid
52%
Psychotic boss of Marshall's (has a dog called 'Tugboat') Artillery Arthur
51%
Robin's middle name Charles
51%
Name of the 'Naked Man' Mitch
50%
Instrument 'The Mother' gave to the 'Naked Man' Cello
49%
This man stole one of Barney's 'accidental curly fries', and had an affair with James Gary Blaumann
49%
Name of James' father Sam Gibbs
49%
Barney's main 'one rule' New is always better
46%
Name of James' husband Tom
46%
Name of Ted's mother Virginia
45%
Maclaren's bouncer Doug
42%
Name of the architect who designed a phallac pink marble skyscraper with a rounded top Hammond Druthers
39%
The only song that will play in the Fiero I'm gonna be (100 Miles)
35%
Name of 'the Mother's' boyfriend that dies Max
35%
What Billy Joel song have 'the time travelers' been practicing? For the longest time
33%
Marshall's basketball name Vanilla Thunder
33%
Title of the theme song Hey Beautiful
32%
Fake name given for Barney's room of suits at Farhampton Susan Tupp
30%
Ted has a racecar ______ ___ Pencil Box
29%
Name of the woman who owned 'the apartment' before Marshall and Ted Marissa Heller
27%
Clock in 'the apartment' is always set to this time 4:20
25%
________ is to Canadian women what chocolate is to American women Butterscotch
25%
'He's not a billionaire; he's a ________' Hundred millionaire
21%
Robin's codeword for 'having children' Pole Vaulting
20%
The candle stick from the above building belonged to _________ Edgar Allen Poe
19%
Three topics to distract Robin from being mad at you Hockey, proper gun cleaning and maintenance, emperor penguins
17%
Ted attends an upper-class party at this building The Alberta Building
15%
Argueably Marshall's favourite play from 'The Playbook' (hint: he cannot see one way that it would not work) 'The Mrs Stinsfire'
12%
Building that accidentally appears in Ted's 'How to Date Robin' slide show The FlatIron Building
11%
Book that Ted and Jeanette are both reading on the subway One hundred years of solitude
1%
No matching quizzes found
Score Distribution
Percent of People with Each Score
Percentile by Number Answered
Your Score History
You have not taken this quiz since the last reset